<?xml version="1.0" encoding="UTF-8"?>
<record
    xmlns:xsi="http://www.w3.org/2001/XMLSchema-instance"
    xsi:schemaLocation="http://www.loc.gov/MARC21/slim http://www.loc.gov/standards/marcxml/schema/MARC21slim.xsd"
    xmlns="http://www.loc.gov/MARC21/slim">

  <leader>01154nem a2200241 u 4500</leader>
  <controlfield tag="005">20160523091200.0</controlfield>
  <controlfield tag="008">160523b1995    -ck||||| |b|| 00| 0 spa d</controlfield>
  <datafield tag="040" ind1=" " ind2=" ">
    <subfield code="a">CO-BoIAVH</subfield>
    <subfield code="c">CO-BoIAVH</subfield>
  </datafield>
  <datafield tag="041" ind1=" " ind2=" ">
    <subfield code="a">spa</subfield>
  </datafield>
  <datafield tag="044" ind1=" " ind2=" ">
    <subfield code="a">ck</subfield>
  </datafield>
  <datafield tag="090" ind1=" " ind2=" ">
    <subfield code="a">MC-</subfield>
    <subfield code="b">0360</subfield>
  </datafield>
  <datafield tag="110" ind1="2" ind2=" ">
    <subfield code="a">Banco internacional de Reconstrucci&#xF3;n y Fomento</subfield>
    <subfield code="9">69947</subfield>
  </datafield>
  <datafield tag="245" ind1="1" ind2=" ">
    <subfield code="a">Eco-regiones de America Latina y el Caribe :</subfield>
    <subfield code="c">Banco Mundial.</subfield>
    <subfield code="h">[Material Cartografico]</subfield>
  </datafield>
  <datafield tag="260" ind1=" " ind2=" ">
    <subfield code="a">Bogot&#xE1; :</subfield>
    <subfield code="b">Banco Mundial ;</subfield>
    <subfield code="c">1995.</subfield>
  </datafield>
  <datafield tag="300" ind1=" " ind2=" ">
    <subfield code="a">1 mapa :</subfield>
    <subfield code="b">color ;</subfield>
    <subfield code="c">91 x 61 cm.</subfield>
  </datafield>
  <datafield tag="500" ind1=" " ind2=" ">
    <subfield code="a">Este mapa se desarrollo para la siguiente publicaci&#xF3;n.

Dinerstein E., D.M. Olson, D.J. Graham, A.L. Webster, S.A Primm, M.P. Bookbinder, y G. Lecdec. 1995. Una Evaluaci&#xF3;n del estado de conservaci&#xF3;n de las eco-regiones terrestres de Am&#xE9;rica latina y el Caribe. Banco Mundial. Washington, D.C.</subfield>
  </datafield>
  <datafield tag="650" ind1="1" ind2="6">
    <subfield code="a">Bosques</subfield>
    <subfield code="z">Mexico</subfield>
    <subfield code="z">America cental</subfield>
    <subfield code="z">Caribe</subfield>
    <subfield code="9">69948</subfield>
  </datafield>
  <datafield tag="650" ind1="1" ind2="6">
    <subfield code="a">Pastizales </subfield>
    <subfield code="z">Mexico</subfield>
    <subfield code="z">America cental</subfield>
    <subfield code="z">Caribe</subfield>
    <subfield code="9">69949</subfield>
  </datafield>
  <datafield tag="650" ind1="1" ind2="6">
    <subfield code="a">Bosques Humedos</subfield>
    <subfield code="z">Caribe</subfield>
    <subfield code="z">America cental</subfield>
    <subfield code="z"> Mexico</subfield>
    <subfield code="9">69950</subfield>
  </datafield>
  <datafield tag="650" ind1="1" ind2="6">
    <subfield code="a">Bosques Tropicales.</subfield>
    <subfield code="z">Caribe</subfield>
    <subfield code="z">America cental</subfield>
    <subfield code="z"> Mexico</subfield>
    <subfield code="9">69951</subfield>
  </datafield>
  <datafield tag="710" ind1="2" ind2=" ">
    <subfield code="a">WWF</subfield>
    <subfield code="9">53177</subfield>
  </datafield>
  <datafield tag="942" ind1=" " ind2=" ">
    <subfield code="2">z</subfield>
    <subfield code="c">Mapa</subfield>
  </datafield>
  <datafield tag="999" ind1=" " ind2=" ">
    <subfield code="c">18735</subfield>
    <subfield code="d">18735</subfield>
  </datafield>
  <datafield tag="952" ind1=" " ind2=" ">
    <subfield code="0">0</subfield>
    <subfield code="1">0</subfield>
    <subfield code="2">z</subfield>
    <subfield code="4">0</subfield>
    <subfield code="7">0</subfield>
    <subfield code="8">CARTOGRAFI</subfield>
    <subfield code="a">Bogota</subfield>
    <subfield code="b">Bogota</subfield>
    <subfield code="d">2016-05-23</subfield>
    <subfield code="l">0</subfield>
    <subfield code="o">MC-0360</subfield>
    <subfield code="p">040378</subfield>
    <subfield code="r">2016-05-23 00:00:00</subfield>
    <subfield code="t">Ej.1</subfield>
    <subfield code="w">2016-05-23</subfield>
    <subfield code="y">Mapa</subfield>
  </datafield>
</record>
